MARC details
| 000 -CABECERA |
| campo de control de longitud fija |
02854cam a22003498i 4500 |
| 001 - NÚMERO DE CONTROL |
| campo de control |
23639384 |
| 005 - FECHA Y HORA DE LA ÚLTIMA TRANSACCIÓN |
| campo de control |
20260508092044.0 |
| 008 - DATOS DE LONGITUD FIJA--INFORMACIÓN GENERAL |
| campo de control de longitud fija |
240412s2024 nju b 001 0 eng |
| 010 ## - NÚMERO DE CONTROL DE LA BIBLIOTECA DEL CONGRESO |
| Número de control de LC |
2024010576 |
| 020 ## - NÚMERO INTERNACIONAL ESTÁNDAR DEL LIBRO |
| Número Internacional Estándar del Libro |
9781292727035 |
| Información calificativa |
(paperback) |
| 040 ## - FUENTE DE LA CATALOGACIÓN |
| Centro catalogador/agencia de origen |
DLC |
| Lengua de catalogación |
eng |
| Normas de descripción |
rda |
| Centro/agencia transcriptor |
DLC |
| 042 ## - CÃDIGO DE AUTENTICACIÃN |
| Código de autenticación |
pcc |
| 050 00 - SIGNATURA TOPOGRÁFICA DE LA BIBLIOTECA DEL CONGRESO |
| Número de clasificación |
HF5415.13 |
| Número de documento/Ítem |
.K64 2024 |
| 100 ## - ENTRADA PRINCIPAL--NOMBRE DE PERSONA |
| Nombre de persona |
Kotler, Philip |
| Término indicativo de función/relación |
author. |
| 9 (RLIN) |
1123 |
| 245 10 - MENCIÓN DE TÍTULO |
| Título |
Marketing management |
| Mención de responsabilidad, etc. |
/ Philip Kotler, Kevin Lane Keller, Mairead Brady, Malcolm Goodman, Torben Hansen. |
| 250 ## - MENCIÓN DE EDICIÓN |
| Mención de edición |
Fifth European edition. |
| 264 #1 - PRODUCCIÓN, PUBLICACIÓN, DISTRIBUCIÓN, FABRICACIÓN Y COPYRIGHT |
| Producción, publicación, distribución, fabricación y copyright |
Hoboken : |
| Nombre del de productor, editor, distribuidor, fabricante |
Pearson Education Limited, |
| Fecha de producción, publicación, distribución, fabricación o copyright |
2024. |
| 300 ## - DESCRIPCIÓN FÍSICA |
| Extensión |
808 pages |
| Dimensiones |
21 cm |
| 500 ## - NOTA GENERAL |
| Nota general |
"Authorised adaptation from the United States edition, entitled Marketing management, 16th edition"--Title page verso. |
| 504 ## - NOTA DE BIBLIOGRAFÍA, ETC. |
| Nota de bibliografía, etc. |
Includes bibliographical references and index. |
| 520 ## - SUMARIO, ETC. |
| Sumario, etc. |
The undisputed global bestseller in marketing management that consistently reflect changes in marketing theory and practice.<br/>A key text both for undergraduate and postgraduate programmes in Marketing Management.<br/><br/>An encyclopaedia of marketing, the classic Marketing Management is considered by many as the authoritative book on the subject. Inspired by the US editions, the 5th European edition of this bestselling text offers an overview of marketing through accessible, theoretically rigorous content underpinned by managerial relevance. It explores the challenges facing European marketing practitioners and admirably covers a wide range of concepts examining traditional aspects of marketing and blending them with modern and future themes.<br/><br/>Key features of this book include:<br/><br/>A structure designed specifically to fit the way the course is taught in Europe — <br/>New and updated in-depth European case studies help readers bridge the gap between knowledge and practice — <br/>Focus on digital technologies such as robotics, AI, augmented and virtual reality, and their impact on marketing management skill sets and practices — <br/>Coverage of the latest trends and developments in the marketing field, such as social media marketing, ethical issues and sustainability — <br/>Featuring work from prominent European academics, new practical examples and exercises, it remains one of the most significant textbooks in marketing management.<br/><br/> |
| Fuente proveedora |
Provided by publisher. |
| 630 #0 - PUNTO DE ACCESO ADICIONAL DE MATERIA--TÍTULO UNIFORME |
| Título uniforme |
B1 Discovering Marketing (BiM) |
| 9 (RLIN) |
26597 |
| 630 #0 - PUNTO DE ACCESO ADICIONAL DE MATERIA--TÍTULO UNIFORME |
| Título uniforme |
B2 Services Marketing (BiM) |
| 9 (RLIN) |
26578 |
| 630 #0 - PUNTO DE ACCESO ADICIONAL DE MATERIA--TÍTULO UNIFORME |
| Título uniforme |
MSc Fashion & Luxury Marketing - Understanding Fashion & Luxury Markets and customers |
| 9 (RLIN) |
26039 |
| 650 #0 - PUNTO DE ACCESO ADICIONAL DE MATERIA--TÉRMINO DE MATERIA |
| Término de materia o nombre geográfico como elemento de entrada |
Marketing |
| Subdivisión general |
Management |
| 9 (RLIN) |
9256 |
| 700 ## - ENTRADA AGREGADA--NOMBRE PERSONAL |
| Nombre de persona |
Keller, Kevin Lane |
| Fechas asociadas al nombre |
1956- |
| Término indicativo de función/relación |
author. |
| 9 (RLIN) |
2447 |
| 700 ## - ENTRADA AGREGADA--NOMBRE PERSONAL |
| Nombre de persona |
Brady, Mairead |
| Término indicativo de función/relación |
author. |
| 9 (RLIN) |
21391 |
| 700 ## - ENTRADA AGREGADA--NOMBRE PERSONAL |
| Nombre de persona |
Goodman, Malcolm |
| Término indicativo de función/relación |
author. |
| 9 (RLIN) |
21390 |
| 700 ## - ENTRADA AGREGADA--NOMBRE PERSONAL |
| Nombre de persona |
Hansen, Torben, |
| Fechas asociadas al nombre |
1966- |
| Término indicativo de función/relación |
author. |
| 942 ## - ELEMENTOS DE ENTRADA AGREGADA (KOHA) |
| Fuente del sistema de clasificación o colocación |
Clasificación de Library of Congress |